Vysoké školy budú hospodáriť s vlastným majetkom

Rozvoju vysokého školstva na Slovensku by mali pomôcť: viaczdrojové financovanie, majetok v hodnote vyše 18 mld. Sk od štátu a zvýšené dotácie. Hnuteľný a nehnuteľný majetok postupne prejde z vlastníctva štátu do vlastníctva vysokých škôl. Vyššie platy pre pedagógov.

Na minha lista:
Detalhes bibliográficos
Autor principal: Reiselová, Eva
Formato: Capítulo de Livro
Idioma:eslovaco
Assuntos:
Tags: Adicionar Tag
Sem tags, seja o primeiro a adicionar uma tag!

MARC

LEADER 00000naa a2200000 4500
001 r044355
005 20230921113157.1
041 0 |a slo 
044 |a SK 
245 1 0 |a Vysoké školy budú hospodáriť s vlastným majetkom  |c Eva Reiselová 
520 |a Rozvoju vysokého školstva na Slovensku by mali pomôcť: viaczdrojové financovanie, majetok v hodnote vyše 18 mld. Sk od štátu a zvýšené dotácie. Hnuteľný a nehnuteľný majetok postupne prejde z vlastníctva štátu do vlastníctva vysokých škôl. Vyššie platy pre pedagógov. 
610 2 0 |a školy vysoké 
610 2 0 |a financovanie 
610 2 0 |a zdroje finančné 
610 2 0 |a dotácie štátne 
610 2 0 |a hnuteľnosti 
610 2 0 |a nehnuteľnosti 
610 2 0 |a zdroje finančné vlastné 
610 2 0 |a učitelia 
610 2 0 |a platy 
610 2 0 |a Slovensko 
100 1 |a Reiselová, Eva